000 01380nam0a2200361 4500
001 RU\NLR\bibl\1220534
005 20260406083605.0
010 _a978-5-91250-496-9
_95000
021 _aRU
_b2008-17328
_9946
035 _a(NLR Aleph) 001206895
090 _a53322
_c53322
100 _a20080425d2008 |||y0rusy50 ca
101 1 _arus
_ceng
102 _aRU
105 _ay |||||||||
200 1 _aДома с Богом
_dHome with God
_eпоследняя беседа с Богом. Жизнь никогда не кончается
_fНил Доналд Уолш
_g[пер. с англ. Е. Мирошниченко]
_zeng
210 _aМосква
_cСофия
_d2008
215 _a318, [1] с.
_d20
300 _aАвт. также на англ. яз.: Neal Donald Walsch
320 _aДр. кн. авт. в конце кн.
510 0 _6z73790
_aHome with God
_zeng
606 1 _aБог
_91581773
_3RU\NLR\AUTH\66993391
606 1 _aЧеннелинг
_92524665
_3RU\NLR\AUTH\661495781
686 1 _aЭ243.32
686 1 _aЭ391.93
700 1 _4070
_8rus
_7ca
_aУолш
_bН. Д.
_f1943-
_gНил Доналд
_3RU\NLR\auth\7750604
_933538
790 1 _4070
_8eng
_7ba
_aWalsch
_bN. D.
_f1943-
_gNeale Donald
_3RU\NLR\auth\7750605
_933539
801 0 _aRU
_bNLR
_c20080425
_gRCR
801 1 _aRU
_bNLR
_c20080425
942 _cBOOK
980 _aNB